Fundamentals of nursing : (Record no. 10865)

MARC details
000 -LEADER
fixed length control field 01060nam a22003137i 4500
003 - CONTROL NUMBER IDENTIFIER
control field URS
005 - DATE AND TIME OF LATEST TRANSACTION
control field 20220825145704.0
008 - FIXED-LENGTH DATA ELEMENTS--GENERAL INFORMATION
fixed length control field 170317b xxu||||| |||| 00| 0 eng d
020 ## - INTERNATIONAL STANDARD BOOK NUMBER
International Standard Book Number 9780781796699 (Philippine edition)
040 ## - CATALOGING SOURCE
Description conventions rda
Transcribing agency URS
Language of cataloging English
050 ## - LIBRARY OF CONGRESS CALL NUMBER
Classification number RT41
Item number .F962t 2008
245 ## - TITLE STATEMENT
Title Fundamentals of nursing :
Remainder of title the art and science of nursing care /
Statement of responsibility, etc Carol R. Taylor...[and three others].
250 ## - EDITION STATEMENT
Edition statement Sixth edition.
264 #1 - PUBLICATION, DISTRIBUTION, ETC. (IMPRINT)
Place of publication, distribution, etc New York :
Name of publisher, distributor, etc Lippincott Williams and Wilkins,
Date of publication, distribution, etc [2008]
264 #4 - PUBLICATION, DISTRIBUTION, ETC. (IMPRINT)
Date of publication, distribution, etc ©2008.
300 ## - PHYSICAL DESCRIPTION
Extent xxxiii,918 pages ;
Dimensions 26 cm.
336 ## - CONTENT TYPE
Content type term text
Content type code txt
Source rdacontent
337 ## - MEDIA TYPE
Media type term unmediated
Media type code n
Source rdamedia
338 ## - CARRIER TYPE
Carrier type term volume
Carrier type code nc
Source rdacarrier
504 ## - BIBLIOGRAPHY, ETC. NOTE
Bibliography, etc Includes bibliographical references and index.
650 #0 - SUBJECT ADDED ENTRY--TOPICAL TERM
Topical term or geographic name as entry element Nursing.
9 (RLIN) 1023
650 #0 - SUBJECT ADDED ENTRY--TOPICAL TERM
Topical term or geographic name as entry element Nursing care.
9 (RLIN) 1093
650 ## - SUBJECT ADDED ENTRY--TOPICAL TERM
Topical term or geographic name as entry element Nursing process.
700 ## - ADDED ENTRY--PERSONAL NAME
Personal name Taylor, Carol R.,
Relator term author.
9 (RLIN) 1094
700 ## - ADDED ENTRY--PERSONAL NAME
Personal name Lillis, Carol.,
Relator term author.
9 (RLIN) 1095
700 ## - ADDED ENTRY--PERSONAL NAME
Personal name LeMone, Priscilla.,
Relator term author.
9 (RLIN) 1096
700 ## - ADDED ENTRY--PERSONAL NAME
Personal name Lynn, Pamela.,
Relator term author.
9 (RLIN) 1097
942 ## - ADDED ENTRY ELEMENTS (KOHA)
Source of classification or shelving scheme Library of Congress Classification
Koha item type Foreign Books
Holdings
Withdrawn status Lost status Source of classification or shelving scheme Damaged status Not for loan Collection code Home library Current library Shelving location Date acquired Source of acquisition Total Checkouts Full call number Barcode Date last seen Copy number Price effective from Koha item type
    Library of Congress Classification     Non-fiction Taytay College Library Taytay College Library Foreign Section 09/02/2009 Trust Fund   RT41 .F962t 2008 vol.2 URSTAY-1482 06/05/2025 1 01/08/2019 Foreign Books
    Library of Congress Classification     Non-fiction Taytay College Library Taytay College Library Foreign Section 09/02/2009 Trust Fund   RT41 .F962t 2008 vol.1 URSTAY-1483 06/05/2025 1 01/08/2019 Foreign Books
    Library of Congress Classification     Non-fiction Taytay College Library Taytay College Library Foreign Section 09/02/2009 Trust Fund   RT41 .F962t 2008 vol.1 URSTAY-2724 06/05/2025 3 01/08/2019 Foreign Books
    Library of Congress Classification     Non-fiction Taytay College Library Taytay College Library Foreign Section 09/02/2009 Trust Fund   RT41 .F962t 2008 vol.1 URSTAY-2725 06/05/2025 4 01/08/2019 Foreign Books
    Library of Congress Classification     Non-fiction Taytay College Library Taytay College Library Foreign Section 09/02/2009 Trust Fund   RT41 .F962t 2008 vol.1 URSTAY-2726 06/05/2025 5 01/08/2019 Foreign Books
    Library of Congress Classification     Non-fiction Taytay College Library Taytay College Library Foreign Section 09/02/2009 Trust Fund   RT41 .F962t 2008 vol.2 URSTAY-2727 06/05/2025 2 01/08/2019 Foreign Books
    Library of Congress Classification     Non-fiction Taytay College Library Taytay College Library Foreign Section 09/02/2009 Trust Fund   RT41 .F962t 2008 vol.2 URSTAY-2728 06/05/2025 3 01/08/2019 Foreign Books
    Library of Congress Classification     Non-fiction Taytay College Library Taytay College Library Foreign Section 09/02/2009 Trust Fund   RT41 .F962t 2008 vol.2 URSTAY-2729 06/05/2025 4 01/08/2019 Foreign Books
    Library of Congress Classification     Non-fiction Taytay College Library Taytay College Library Foreign Section 08/25/2022 Donation   RT41 .F962t 2008 URSTAY-757 08/25/2022 1 08/25/2022 Foreign Books

University of Rizal System
Email us at univlibservices@urs.edu.ph

Visit our Website www.urs.edu.ph/library